UITU Library & LRC     

GSM Based Power Line Theft Detection (Record no. 33326)

MARC details
000 -LEADER
fixed length control field 00557nam a2200145Ia 4500
008 - FIXED-LENGTH DATA ELEMENTS--GENERAL INFORMATION
fixed length control field 260210s9999 xx 000 0 und d
024 ## - OTHER STANDARD IDENTIFIER
Standard number or code 14B-111-EL, 14B-122-EL & 14B-145-EL
082 ## - DEWEY DECIMAL CLASSIFICATION NUMBER
Classification number 621.382110 MUH
100 ## - MAIN ENTRY--PERSONAL NAME
Personal name Mohammad Bilal, Kashif Khan & Hafiz Muhammad Ali
245 #0 - TITLE STATEMENT
Title GSM Based Power Line Theft Detection
260 ## - PUBLICATION, DISTRIBUTION, ETC.
Place of publication, distribution, etc. Karachi:
Name of publisher, distributor, etc. UITU,
Date of publication, distribution, etc. 2014
600 ## - SUBJECT ADDED ENTRY--PERSONAL NAME
Personal name Power Engineering
650 ## - SUBJECT ADDED ENTRY--TOPICAL TERM
Topical term or geographic name entry element Bachelor of Engineering (BE)
856 ## - ELECTRONIC LOCATION AND ACCESS
Uniform Resource Identifier <a href="https://drive.google.com/file/d/1dRCD9oA97Ymzk7UZomLwAfxd-9ICrWf2/view?usp=sharing">https://drive.google.com/file/d/1dRCD9oA97Ymzk7UZomLwAfxd-9ICrWf2/view?usp=sharing</a>
Link text Click here for PDF

No items available.

Powered by Koha